Planes y programas de estudios [de la UNAM] /

En estas páginas se presentan los nuevos planes de estudios de la Universidad Nacional Autónoma de México después de la reforma en las enseñanzas, la cual consistió en revisar los planes de estudio y programas, la organización semestral de los estudios y la diversificación en los cursos especializad...

وصف كامل

محفوظ في:
التفاصيل البيبلوغرافية
مؤلف مشترك: UNAM
التنسيق: كتاب
اللغة:الإسبانية
منشور في: México : UNAM, 1968, c1968
الموضوعات:
الوسوم: إضافة وسم
لا توجد وسوم, كن أول من يضع وسما على هذه التسجيلة!

MARC

LEADER 00000nam^a2200000^a^4500
001 000123854
005 20250521000000.0
009 20260310094552.786
037 |a Acervo ITESO - Biblioteca 
041 |a ESP 
082 |a 378. 72532  |b UNI UNAM-pe 
110 |a UNAM 
245 0 0 |a Planes y programas de estudios [de la UNAM] / 
264 4 |a México :  |b UNAM,  |c 1968, c1968 
300 |a 489 p. 
336 |a texto  |b txt  |2 rdacontenido 
337 |a sin mediación  |b n  |2 rdamedio 
338 |a volumen  |b nc  |2 rdasoporte 
520 |a En estas páginas se presentan los nuevos planes de estudios de la Universidad Nacional Autónoma de México después de la reforma en las enseñanzas, la cual consistió en revisar los planes de estudio y programas, la organización semestral de los estudios y la diversificación en los cursos especializados. 
610 |a UNAM 
649 |a XX 
650 |a Programas de Materia 
650 |a Currículo 
650 |a Universidades -  |z México 
650 |a Educación Superior -  |z México 
650 |a Educación -  |z México 
910 |a Fondo Salvador Reynoso Reynoso 
920 |a Impresos - Libros 
930 |a Fondos Especiales 
905 |a 112 
901 |a 0800007487  |b IT2  |c ESP  |u 20250521 
902 |a https://opac.biblio.iteso.mx/vufind/Record/000123854